000 00999nam a2200205 i 4500
001 153449
003 ES-MaACL
005 20230906205229.0
008 050711s1878 fr |||| | fre d
100 1 _aDesportes, Fernand.
_943922
245 1 0 _aRapport sur les objets exposés par les services pénitentiaires a l'exposition universelle de 1878 /
_cpar Fernand Desportes.
260 _a[Paris] :
_bImp. Nationale,
_c1878.
300 _a27 p. ;
_c23 cm.
594 _aTít. tomado de comienzo de texto, al que precede: Ministère de l'Intérieur, Conseil Supérieur des Prisons.
596 _aEl pie de imp. consta en colofón.
611 2 4 _aExposition Universelle.
_d1878.
_cParis)
_9135143
650 4 _aEstablecimientos penitenciarios-
_zFrancia.
_9143319
710 1 _aFrancia.
_bMinistère de l'Intérieur.
_9134396
852 _aES-MaACL
_jD-134(16)
_z- Enc. hol.
_z.- Donativo Lastres
_z- Enc. en un vol. facticio, formando parte de la col. facticia "Estudios penitenciarios", folletos, 1
999 _c153449
_d153449